000 00612nam a22001937a 4500
005 20250708125649.0
008 250708b |||||||| |||| 00| 0 eng d
020 _a978-1-4737-2545-4
050 _aHF 5635 .A44 2017
100 _aALEXANDER, DAVID
245 _aINTERNATIONAL FINANCIAL
_bREPORTING AND ANALYSIS
250 _a7TH ED.
260 _aHAMPSHIRE
_bCENGAGE LEARNING
_c2017
300 _aXVIII,834
500 _aINCLUDE: BIBLIOGRAPHIC REFERENCES AND INDEXES
650 _aINTERNATIONAL ACOUNTING STANDARDS BEARD FINANCIAL STATEMENT
700 _aBRITTON, ANNE, JORISSEN, ANN
942 _2lcc
_cBK
999 _c215851
_d215851